000 00417nam a2200157Ia 4500
008 240729s9999 xx 000 0 und d
022 _a2832-4293
245 0 _aPan-American Journal of Mathematics
260 _aUnited States
260 _bMathyze Publishers
650 _a Mathematics
650 _aScience
856 _uhttps://doaj.org/toc/a531bfba40cc4bf4a039aa311545d44e
942 _2ddc
942 _cDOAJEJ
999 _c69227
_d69227
945 _a1
_bMadushi Gamage
_c1
_dMadushi Gamage